Statistics for Tennis - Australian Open 2021

Click here to take the quiz!

General Stats

  • This quiz has been taken 76 times
  • The average score is 59 of 128

Answer Stats

NationAnswer% Correct
SerbiaDjokovic
97%
SpainNadal
90%
FranceMonfils
86%
AustraliaKyrgios
81%
RussiaRublev
81%
GermanyZverev
81%
RussiaMedvedev
80%
JapanNishikori
80%
AustriaThiem
80%
ItalyFognini
78%
CanadaShapovalov
78%
GreeceTsitsipas
78%
ItalyBerrettini
76%
USAFritz
76%
SwitzerlandWawrinka
76%
USATiafoe
75%
BulgariaDimitrov
73%
ArgentinaSchwartzman
73%
ItalySinner
73%
CroatiaCilic
71%
BelgiumGoffin
71%
CanadaAuger-Aliassime
69%
SpainCarreno Busta
69%
NorwayRuud
69%
SpainBautista Agut
68%
Australiade Minaur
68%
USAOpelka
68%
KazakhstanBublik
66%
PolandHurkacz
66%
HungaryFucsovics
64%
South AfricaAnderson
63%
RussiaKhachanov
63%
SerbiaLajovic
63%
Great BritainNorrie
63%
FrancePaire
63%
PortugalSousa
63%
RussiaKaratsev
61%
GeorgiaBasilashvili
59%
CroatiaCoric
59%
SerbiaKecmanovic
59%
AustraliaMillman
59%
FranceHumbert
58%
JapanNishioka
58%
CanadaRaonic
58%
ItalySonego
58%
GermanyStruff
58%
Great BritainEvans
56%
SwedenYmer
56%
BrazilMonteiro
54%
South AfricaHarris
53%
FinlandRuusuvuori
53%
FranceSimon
53%
AustraliaThompson
53%
MoldovaAlbot
51%
SerbiaKrajinovic
51%
CanadaPospisil
51%
UruguayCuevas
47%
Bosnia and HerzegovinaDzumhur
47%
SpainAlcaraz
46%
USAPaul
46%
SpainRamos Vinolas
46%
KazakhstanKukushkin
44%
BoliviaDellien
42%
SerbiaDjere
42%
Chinese TaipeiLu
42%
AustraliaPopyrin
42%
LithuaniaBerankis
41%
South KoreaKwon
41%
SpainLopez
41%
SloveniaBedene
39%
BelarusIvashka
39%
AustraliaKokkinakis
39%
FranceChardy
37%
FranceMannarino
37%
AustriaNovak
37%
FranceHerbert
36%
GermanyKoepfer
36%
SlovakiaMartin
36%
USAMcDonald
36%
USAQuerrey
36%
BelarusGerasimov
34%
FranceMoutet
34%
CzechiaVesely
34%
ItalyCaruso
32%
AustraliaDuckworth
32%
SpainMartinez
32%
ItalySeppi
32%
ItalyTravaglia
32%
AustraliaBolt
31%
ItalyCecchinato
31%
JapanDaniel
31%
USAGiron
31%
SwitzerlandLaaksonen
31%
USASandgren
31%
JapanSugita
31%
AustraliaTomic
31%
Netherlandsvan de Zandschulp
31%
SpainCarballes Baena
29%
NetherlandsHaase
29%
SpainAndujar
27%
ArgentinaCoria
27%
ItalyMager
27%
IndiaNagal
27%
ArgentinaPella
27%
UkraineStakhovsky
27%
SerbiaTroicki
27%
SlovakiaGombos
25%
AustraliaO'Connell
25%
GermanyHanfmann
24%
PolandMajchrzak
24%
AustraliaPolmans
22%
ArgentinaLondero
20%
JapanUchiyama
20%
HungaryBalazs
19%
USAMmoh
19%
RussiaSafiullin
19%
BelgiumCoppejans
17%
USACressy
17%
CzechiaMachac
17%
GermanyStebe
17%
AustraliaVukic
15%
PortugalFerreira Silva
14%
FranceHalys
14%
FranceMuller
14%
DenmarkTorpegaard
14%
AustraliaTu
10%
SpainVilella Martinez
5%

Score Distribution

Percentile by Number Answered

Percent of People with Each Score

Your Score History

You have not taken this quiz